000 00536nam a2200169 i 4500
001 36642
003 ES-MaACL
005 20230906155417.0
007 t|
008 030218s1931 fr ||||1| fre d
100 1 _aBraunschvig, Marcel.
_931429
245 1 3 _aLa vie américaine et ses leçons /
_cMarcel Braunschvig.
260 _aParís :
_bLib. Armand Colin,
_c1931 (
_eCahors :
_fCoueslant)
300 _a375 p. ;
_c23 cm.
500 _aEjemplar deteriorado: le faltan las hojas 359-372 ambas inclusive.
852 _aES-MaACL
_jA-475
999 _c36642
_d36642